01025cam a22002777a 450000500170000000800410001701000100005801100100006803500100007808200150008810000410010324500430014426000990018730000110028659000410029759000410033859000410037959000420042065000340046270000420049671000690053890100070060794900550061494900610066999900170073020220329141132.0971010s1972 r 00010 d a63160 a64132 a69336 a631.3bS4700aSerna Ferrer, Ramón de la.9105165 0aIII Guía de maquinaria de Agrícola aMadrid :bMinisterio de Agricultura. Dirección General de la Producción Agraría,c[1972] a403 p. aBATCH-UPDb10c20130110lUCH01h0642 aBATCH-UPDb10c20130410lUCH01h0327 aBATCH-UPDb10c20130914lUCH01h1758 aCONVERSIONb10c20130109lUCH01h133414aMaquinaria agrícola.9711510 aFuente Santero, Félix de la.9438140 aEspaña. Dirección General de la Producción Agraria.937708 aBK a631.3 S47bMAcLIBROd-1528eLIBROh1479i69336si a631.3 S47bMAcLIBROd-49884eLIBROfc.2h1480i69336si c63160d63160